Music Quiz

Random Music or Clip Quiz

Name That Tune Blitz Quiz Stats

Quiz Updated Aug 11, 2016

Challenge
Share
Tweet
Score 0/50 Timer 04:00
12 Plays Today
Time Song title % Correct
0:00Jump
81.2%
1:32Respect
78.1%
0:48Toxic
74.3%
0:32Poker Face
71.8%
0:16Hound Dog
70%
0:56Forget You
67.7%
2:00Roxanne
66%
0:52Blue (Da Ba Dee)
64.2%
0:24This Kiss
58.4%
2:08This Love
57.8%
2:12Ironic
57.4%
2:36Umbrella
57%
0:12So What
55.7%
2:04Push It
53.1%
0:20Kokomo
52.8%
2:32Take Me Out
49.9%
1:24Iron Man
48.6%
1:44Tiny Dancer
48%
1:04Rio
47.8%
0:04Get Back
47.8%
2:20Viva La Vida
46.5%
0:44Song 2
46.2%
1:28Creep
46%
1:20Purple Haze
41.5%
2:2421 Guns
40.6%
Time Song title % Correct
1:52Holiday
40.4%
1:16Hero
40.4%
2:40E.T.
37.5%
0:08Alone
36.7%
2:44Down Under
35.8%
0:36Le Freak
34.6%
2:52Believe
34%
1:48One
33.7%
1:40Bubbly
32.4%
2:16Touch Me
30.6%
1:36Chop Suey
28.9%
1:56TNT
28.3%
0:40I Ran (So Far Away)
26.9%
2:48In the End
26.6%
1:08Today
26.4%
3:00Let's Dance
24.7%
3:08Sabotage
21.7%
1:12China Grove
21%
2:56Uprising
14.9%
1:00That's Amore
14.5%
3:04Who Are You?
14.1%
0:28You Got It
13.1%
3:16Time
11.6%
2:28Holy Diver
10%
3:12Good Girl
7.8%

You're not logged in!

Compare scores with friends on all Sporcle quizzes.
Join for Free
OR
Log In

You Might Also Like...

Show Comments

Extras

Top Quizzes Today


Score Distribution

Your Account Isn't Verified!

In order to create a playlist on Sporcle, you need to verify the email address you used during registration. Go to your Sporcle Settings to finish the process.

Report this User

Report this user for behavior that violates our Community Guidelines.

Details: